000 00661nam a2200217Ii 4500
003 JO-AjNU
008 230605s9999||||xx |||||||||||||| ||und||
017 _a1998/7/1046
040 _aJO-AjNU
_bara
_erda
_cJO-AjNU
041 _aara
050 1 4 _aPJ7862.H361.A17 1998
100 3 _aشاهين، سعد الدين,
_eauthor
_948638
245 0 0 _aمرتفعات الظل: شعر
250 _aط1
264 3 1 _aعمان: دار الكرمل للنشر والتوزيع، 1998
300 _a95ص
336 _atext
_btxt
_2rdacontent
337 _aunmediated
_bn
_2rdamedia
338 _avolume
_bnc
_2rdacarrier
650 4 _aالشعر العربي
_948639
999 _aA21314
_c24882
_d24882